| 000 | 00598nam a2200205 a 4500 | ||
|---|---|---|---|
| 005 | 20240806064009.0 | ||
| 008 | 050828s1984 mx r 000 0 spa d | ||
| 020 | _a9688470341 | ||
| 035 | _aUPN01000139884 | ||
| 049 | _aCG | ||
| 050 | 4 |
_aPR6062 E3.3 _bE7.6 |
|
| 100 | 1 |
_aLe Carré, John, _d1931- _927918 |
|
| 245 | 1 | 3 |
_aEl espía que surgió del frío / _cJohn Le Carre. |
| 260 |
_aMéxico : _bOrigen : _bSeix-Barral, _c1984. |
||
| 300 | _a255 p. | ||
| 440 | 0 |
_aObras maestras del siglo XX ; _v13 |
|
| 650 | 4 |
_aLiteratura inglesa _95228 |
|
| 650 | 4 |
_aESPIONAJE - _vNOVELA _95102 |
|
| 905 | _aLibro | ||
| 999 |
_c112032 _d112032 |
||